Top Premier League Manager of the Month winners Quiz Stats

 Plays Quiz not verified by Sporcle

Score 0/12 Timer 10:00
6 Plays Today
Times won Manager % Correct
27Sir Alex Ferguson
97.4%
15Arsene Wenger
94.6%
5Jurgen Klopp
93.6%
7Pep Guardiola
87.9%
7Rafael Benitez
65.7%
10David Moyes
64.2%
6Sam Allardyce
53.2%
5Claudio Ranieri
50.9%
8 Harry Redknapp
45.1%
5Kevin Keegan
26.7%
6Bobby Robson
24.4%
8Martin O'Neill
18.9%

You're not logged in!

Compare scores with friends on all Sporcle quizzes.
OR
Log In

Sporcle TV

Today on Sporcle TV


Watch our educational content, quiz creation guides, and fun videos on Sporcle TV.

Show Comments

Extras

Top Quizzes Today


Score Distribution

Your Account Isn't Verified!

In order to create a playlist on Sporcle, you need to verify the email address you used during registration. Go to your Sporcle Settings to finish the process.

Report this User

Report this user for behavior that violates our Community Guidelines.

Details: